Ekonomika Spojených států amerických před prezidentskými volbami
Hypotekárna kríza a pokles spotreby v USA. Mimoriadne zásahy monetárnej a fiškálnej politiky. Neisté výhľady ekonomiky - stagnácia, alebo obnovenie rastu?
Enregistré dans:
| Auteur principal: | |
|---|---|
| Format: | Chapitre de livre |
| Langue: | tchèque |
| Sujets: | |
| Tags: |
Pas de tags, Soyez le premier à ajouter un tag!
|
MARC
| LEADER | 00000naa$a2200000$$$4500 | ||
|---|---|---|---|
| 001 | 0087039 | ||
| 005 | 20231016093330.6 | ||
| 041 | 0 | |a cze | |
| 044 | |a CZ | ||
| 245 | 1 | 0 | |a Ekonomika Spojených států amerických před prezidentskými volbami |c Pavel Neumann |
| 520 | |a Hypotekárna kríza a pokles spotreby v USA. Mimoriadne zásahy monetárnej a fiškálnej politiky. Neisté výhľady ekonomiky - stagnácia, alebo obnovenie rastu? | ||
| 610 | 2 | 0 | |a kríza finančná |
| 610 | 2 | 0 | |a trh finančný |
| 610 | 2 | 0 | |a banky centrálne |
| 610 | 2 | 0 | |a politika menová |
| 610 | 2 | 0 | |a politika fiškálna |
| 610 | 2 | 0 | |a rozpočty verejné |
| 610 | 2 | 0 | |a USA |
| 100 | 1 | |a Neumann, Pavel | |